| 000 -LEADER |
| fixed length control field |
00731nam a2200229Ia 4500 |
| 001 - CONTROL NUMBER |
| control field |
17394 |
| 003 - CONTROL NUMBER IDENTIFIER |
| control field |
GE_BSU |
| 005 - DATE AND TIME OF LATEST TRANSACTION |
| control field |
20200217115902.0 |
| 008 - FIXED-LENGTH DATA ELEMENTS--GENERAL INFORMATION |
| fixed length control field |
181216s2004||||enk|||||||||||||| ||eng|| |
| 040 ## - CATALOGING SOURCE |
| Transcribing agency |
GE_BSU |
| 041 ## - LANGUAGE CODE |
| Language code of text/sound track or separate title |
eng |
| 080 ## - UNIVERSAL DECIMAL CLASSIFICATION NUMBER |
| Universal Decimal Classification number |
517 E-36 |
| 100 ## - MAIN ENTRY--PERSONAL NAME |
| Personal name |
Eidelman,Yuli |
| 9 (RLIN) |
7098 |
| 245 ## - TITLE STATEMENT |
| Title |
Functional Analysis. An introduction: |
| Remainder of title |
Graduate Studies in mathematics/ |
| Statement of responsibility, etc. |
Yuli Eidelman, Vitali Milman, Antonis Tsolomitis. |
| 264 ## - PRODUCTION, PUBLICATION, DISTRIBUTION, MANUFACTURE, AND COPYRIGHT NOTICE |
| Date of production, publication, distribution, manufacture, or copyright notice |
2004. |
| 300 ## - PHYSICAL DESCRIPTION |
| Extent |
324 p. |
| Other physical details |
30 cm. |
| 653 ## - INDEX TERM--UNCONTROLLED |
| keyword |
ფუნქციური ანალიზი |
| 653 ## - INDEX TERM--UNCONTROLLED |
| keyword |
მათემატიკა |
| 700 ## - ADDED ENTRY--PERSONAL NAME |
| Personal name |
Milman, Vitali |
| Relator term |
ავტორი |
| 9 (RLIN) |
7099 |
| 700 ## - ADDED ENTRY--PERSONAL NAME |
| Personal name |
Tsolomitis, Antonis |
| Relator term |
ავტორი |
| 9 (RLIN) |
7100 |
| 942 ## - ADDED ENTRY ELEMENTS (KOHA) |
| Koha item type |
წიგნი |
| Source of classification or shelving scheme |
|